| 000 | 01068cad a22002415a 4500 | ||
|---|---|---|---|
| 001 | E146943 | ||
| 008 | 090316s2009 xxk d f 000 0 eng d | ||
| 035 | _a(Sirsi) u146943 | ||
| 041 | 0 | _aeng | |
| 050 | 0 | 4 | _a333.32 $2 18 |
| 110 | 2 |
_aSavills Research _95211 |
|
| 245 | 0 | 0 |
_aEuropean investment bulletin _bSpring 2009 _h[electronic resource] |
| 260 |
_a[S.l.] _bSavills Research _c2009 |
||
| 490 | 0 | _aSavills European Investment Bulletin | |
| 520 | _aSuggests that the Eurozone economy will continue to contract until the second half of 2009, and that rental growth will continue to be negative, with landlords offering greater incentives to attract occupiers. However, the re-pricing of property is making it look increasingly attractive. | ||
| 521 | _aAdvanced | ||
| 590 | _aKA | ||
| 650 | 2 | 4 | _aSAVILLS EUROPEAN INVESTMENT BULLETIN |
| 651 | 4 | _aEurope | |
| 690 | _aPROPERTY-COMMERCIAL PROPERTY-COMMERCIAL PROPERTY MARKET | ||
| 856 | 4 | 0 |
_uhttps://www.savills.co.uk _zView the report free of charge (requires registration) at www.savills.co.uk... |
| 942 | _n0 | ||
| 999 |
_c109366 _d109366 |
||